Загрузка...

Sameeksha siddhant Vibinna Bharatheeya kavya sampradayem,Paschathya kavya vichr /

Библиографические подробности
Главный автор: Sarma, Krishnadev
Язык:Undetermined
Опубликовано: 1978.
LEADER 00434nam a2200121Ia 4500
001 33802
008 170722s9999 xx 000 0 und d
100 |a Sarma, Krishnadev 
245 |a Sameeksha siddhant  |b Vibinna Bharatheeya kavya sampradayem,Paschathya kavya vichr / 
260 |c 1978. 
942 |c GEN 
999 |c 101440  |d 101440 
952 |0 0  |1 0  |4 0  |6 O_1_2G_152L8  |7 0  |8 CR  |9 142373  |a LIB  |b LIB  |d 2017-08-12  |h CR  |o O,1.2:g 152L8  |p 189151  |r 2017-08-12  |w 2017-08-12  |y GEN